Factors Influencing Performance of Volunteers in Church Organizations: A Case of Selected Protestant Church Organizations in Nakuru Municipality (Record no. 216051)

MARC details
000 -LEADER
fixed length control field 00740nam a22001577a 4500
008 - FIXED-LENGTH DATA ELEMENTS--GENERAL INFORMATION
fixed length control field 250829b |||||||| |||| 00| 0 eng d
050 ## - LIBRARY OF CONGRESS CALL NUMBER
Classification number THE BV 652.9 .K4 M83 2005
Item number C.1
100 ## - MAIN ENTRY--PERSONAL NAME
Personal name Maina, Waiganjo Mwangi
245 ## - TITLE STATEMENT
Title Factors Influencing Performance of Volunteers in Church Organizations: A Case of Selected Protestant Church Organizations in Nakuru Municipality
260 ## - PUBLICATION, DISTRIBUTION, ETC.
Place of publication, distribution, etc. Kisii
Name of publisher, distributor, etc. Kisii University
Date of publication, distribution, etc. 2005
300 ## - PHYSICAL DESCRIPTION
Extent xiii, 60p.:ill.
500 ## - GENERAL NOTE
General note Includes bibliographical references
650 ## - SUBJECT ADDED ENTRY
Topical term or geographic name entry element 1. Voluntarism—Kenya—Nakuru Municipality. 2. Church work—Kenya—Protestant churches. 3. Protestant churches—Kenya—Administration. 4. Christianity and social work—Kenya.
942 ## - ADDED ENTRY ELEMENTS (KOHA)
Source of classification or shelving scheme Library of Congress Classification
Koha item type Reference
Holdings
Withdrawn status Lost status Source of classification or shelving scheme Damaged status Not for loan Collection Home library Current library Date acquired Inventory number Total checkouts Full call number Barcode Date last seen Copy number Price effective from Koha item type
    Library of Congress Classification     Special Research Kisii University Library Kisii University Library 08/29/2025 109461   THE BV 652.9 .K4 M83 2005 000000024757 08/29/2025 C.1 08/29/2025 Reference